000 00735nam a2200289Ia 4500
001 67030
003 IT-RoPAU
008 130308s9999 xx 000 0 und d
040 _aIT-RoPAU
040 _cIT-RoPAU
041 _aITALIANO
100 _aSennett Mack
100 _gCodice Aut. SPICS: 1354
245 _aSchermo come maestro (Lo)
245 _bMack Sennett-Il Re delle Comiche
250 _a1a ed.
260 _aROMA
260 _bAteneo
260 _c1961 [1° Ed.:1961 - Ed.Ling.Originale:1916]
300 _a"2 p. (prefazione: no ; testo: 2 [pagine: 85-86])"
650 _aAUTORI/OPERE DEL CINEMA
650 _eCodice materia Spics: 6807
942 _cBK
957 _71
999 _c53158
_d53158
999 _bSI
999 _g1